000 00665nam a2200193 4500
001 148025
003 ES-MaACL
005 20251017063105.0
007 t|
008 070214s1966 sp r ||||1| gao d
100 1 _aSpranger, Eduard,
_d1882-1963
_9107790
245 1 0 _aProblemas humáns /
_cEduard Spranger ; versión galega, prólogo e notas de D. García Sabell ; epílogo de Johannes Schlemmer.
260 _aVigo :
_bGalaxia,
_c1966.
300 _a193 p., 1 lám. ;
_c19 cm.
700 1 _aGarcía-Sabell, Domingo,
_d1909-2003
_955245
700 1 _aSchlemmer, Johannes.
_9104404
852 _aES-MaACL
_jC-31008
_bR.61543
999 _c148025
_d148025